The geopolitics of green colonialism : (Record no. 1430546)

MARC details
000 -LEADER
fixed length control field 00602nam a2200205Ia 4500
005 - DATE AND TIME OF LATEST TRANSACTION
control field 20250625122020.0
008 - FIXED-LENGTH DATA ELEMENTS--GENERAL INFORMATION
fixed length control field 008 250516s9999 xx 000 0 eng d
020 ## - INTERNATIONAL STANDARD BOOK NUMBER
International Standard Book Number 9780745349343
040 ## - CATALOGING SOURCE
Language of cataloging eng
Transcribing agency SDCL
041 ## - LANGUAGE CODE
Language code of text/sound track or separate title eng
Source of code eng
084 ## - COLON CLASSIFICATION NUMBER
Classification number U5 R4
245 #0 - TITLE STATEMENT
Title The geopolitics of green colonialism :
Remainder of title Global justice and eco-social transitions
260 ## - PUBLICATION, DISTRIBUTION, ETC.
Place of publication, distribution, etc. New Wing :
Name of publisher, distributor, etc. Pluto Press,
Date of publication, distribution, etc. 2024.
300 ## - PHYSICAL DESCRIPTION
Extent vi, 268p.
650 ## - SUBJECT ADDED ENTRY--TOPICAL TERM
Topical term or geographic name entry element Reference
700 ## - ADDED ENTRY--PERSONAL NAME
Personal name Lang, Miriam Ed.
700 ## - ADDED ENTRY--PERSONAL NAME
Personal name Manahan, Mary ann Ed.
700 ## - ADDED ENTRY--PERSONAL NAME
Personal name Bringel, Breno Ed.
942 ## - ADDED ENTRY ELEMENTS (KOHA)
Koha item type Textual
Source of classification or shelving scheme Colon Classification (CC)
700 ## - ADDED ENTRY--PERSONAL NAME
-- 810077
700 ## - ADDED ENTRY--PERSONAL NAME
-- 814530
700 ## - ADDED ENTRY--PERSONAL NAME
-- 814531
999 ## -
-- 1430546
-- 1430546
Holdings
Withdrawn status Lost status Source of classification or shelving scheme Damaged status Not for loan Home library Current library Date acquired Source of acquisition Inventory number Total checkouts Full call number Barcode Date last seen Price effective from Koha item type
    Colon Classification (CC)     South Campus Library South Campus Library 2025-05-22 Shivam Book Service 111, 30/12/2024   U5 R4 SC1690834 2025-05-22 2025-05-22 Textual
Copyright @ Delhi University Library System